| 000 | 00490nam a2200193Ia 4500 | ||
|---|---|---|---|
| 008 | 180523s9999 xx 000 0 und d | ||
| 020 | _a81-7108-122-3 | ||
| 050 | _aMAIN BF 697 | ||
| 050 | _b.O83 1976 | ||
| 100 | _aOsborne, Cecil G. | ||
| 245 | 4 | _aThe Art of learning to love yourself / | |
| 245 | 0 | _cCecil G. Osborne. | |
| 260 | _aBandra, Bombay : | ||
| 260 | _bBetter Yourself Books, | ||
| 260 | _c1976 | ||
| 300 | _a163 pages : | ||
| 300 | _c18 cm. | ||
| 650 | _aSelf-esteem. | ||
| 999 |
_c356527 _d356527 |
||